000 00530nam a2200181Ia 4500
008 100921s9999 xx 000 0 und d
082 _b11552
_a891.463 थ 74
100 _aधारप नारायण.
245 _aभयकथा.
260 _bश्रीविशाखा प्रकाशन,पुणे.
_c1974
300 _a239
_b---
365 _b20
520 _aललित-कथा.
630 _aभयकथा.
650 _aललित-कथा.
730 _aभयकथा.
942 _cBOOK
999 _c760665
_d760662